Novel trends in production devices and systems IV

Saved in:
Bibliographic Details
Other Authors Delgado Sobrino, Daynier Rolando (Editor), Velíšek, Karol (Editor)
Format Electronic eBook
LanguageEnglish
Published Zurich : Trans Tech Publications Ltd., 2018.
SeriesMaterials science forum ; volume 919.
Subjects
Online AccessFull text
ISBN9783035732658
3035732655
9781523122813
1523122811
9783035712650
Physical Description1 online resource

Cover

LEADER 00000cam a2200000 i 4500
001 kn-on1031999706
003 OCoLC
005 20240717213016.0
006 m o d
007 cr cn|||||||||
008 180423s2018 sz o 100 0 eng d
040 |a N$T  |b eng  |e rda  |e pn  |c N$T  |d N$T  |d OCLCF  |d KNOVL  |d K6U  |d OCLCQ  |d OCLCO  |d UKAHL  |d OCLCQ  |d OCLCO  |d OCLCL 
020 |a 9783035732658  |q (electronic bk.) 
020 |a 3035732655  |q (electronic bk.) 
020 |a 9781523122813  |q (electronic bk.) 
020 |a 1523122811  |q (electronic bk.) 
020 |z 9783035712650 
035 |a (OCoLC)1031999706 
245 0 0 |a Novel trends in production devices and systems IV /  |c edited by Daynier Rolando Delgado Sobrino and Karol Velíšek. 
246 3 1 |a NTPDS IV 
264 1 |a Zurich :  |b Trans Tech Publications Ltd.,  |c 2018. 
300 |a 1 online resource 
336 |a text  |b txt  |2 rdacontent 
337 |a computer  |b c  |2 rdamedia 
338 |a online resource  |b cr  |2 rdacarrier 
490 1 |a Materials science forum ;  |v volume 919 
506 |a Plný text je dostupný pouze z IP adres počítačů Univerzity Tomáše Bati ve Zlíně nebo vzdáleným přístupem pro zaměstnance a studenty 
590 |a Knovel  |b Knovel (All titles) 
650 0 |a Production management  |v Congresses. 
655 7 |a elektronické knihy  |7 fd186907  |2 czenas 
655 9 |a electronic books  |2 eczenas 
700 1 |a Delgado Sobrino, Daynier Rolando,  |e editor. 
700 1 |a Velíšek, Karol,  |e editor. 
830 0 |a Materials science forum ;  |v volume 919. 
856 4 0 |u https://proxy.k.utb.cz/login?url=https://app.knovel.com/hotlink/toc/id:kpEFTYGKN4/novel-trends-in?kpromoter=marc  |y Full text